000 00496nam a2200181Ia 4500
003 GCL
008 140319s9999 xx 000 0 eng d
040 _aGCL /
_cGCL
082 0 4 _a153.93
_bS P
100 1 _aRUZGIZ, PATRICIA
245 1 0 _aPERSONALITY AND INTELLIGENCE /
_cRUZGIZ, PATRICIA
700 1 _aSTERNBERG, REBERT J
260 _a[S.N] :
_bCAMBRIBGE UNIVERSITY PRESS ،
_c1994
300 _a337P
650 0 4 _aPERSONALITY AND INTELLIGENCE
650 0 4 _aPERSONALITY
942 _2ddc
_cBK
999 _c18223
_d18223